书目信息 |
| 题名: |
IBM营销革命
|
|
| 作者: | 甘布尔 , 塔普 , 马塞拉 著 ;郭媛媛 译 | |
| 分册: | ||
| 出版信息: | 北京 中国铁道出版社 2006.06 |
|
| 页数: | 280页 | |
| 开本: | 24cm | |
| 丛书名: | ||
| 单 册: | ||
| 中图分类: | F274 | |
| 科图分类: | ||
| 主题词: | 企业管理--qi ye guan li--市场营销学 | |
| 电子资源: | ||
| ISBN: | 7-113-07176-7 | |
| 000 | 01461nam0 2200313 450 | |
| 001 | 012008564991 | |
| 005 | 20080509114537.56 | |
| 010 | @a7-113-07176-7@dCNY35.00 | |
| 100 | @a20080508d2006 em y0chiy0120 ea | |
| 101 | 1 | @achi@ceng |
| 102 | @aCN@b110000 | |
| 105 | @aa a 000yy | |
| 106 | @ar | |
| 200 | 1 | @aIBM营销革命@AIBM ying xiao ge ming@e全球领军企业教你开创营销蓝海@f(英) 保罗·甘布尔, 艾伦·塔普, 安东尼·马塞拉等著@F(ying)bao luo·gan bu er,ai lun·ta pu,an dong ni·ma sai la deng zhu@g郭媛媛译@Gguo yuan yuan yi |
| 210 | @a北京@c中国铁道出版社@d2006.06 | |
| 215 | @a280页@c图@d24cm | |
| 312 | @a英文并列题名取自封面 | |
| 320 | @a有书目 (第277-280页) | |
| 330 | @a本书内容包括国际案例研究和营销实务建议;专为实现真正价值而量身打造的革命性新型业务工具;关于营销结构的重新设计、重新策划甚至全面重建的建议;提供指导方针,通过提高效率、效能、速度或质量改善营业收入。 | |
| 500 | 10 | @aMarketing revolution : the radical new approach to transforming the business,the brand & the bottom line@mChinese |
| 517 | 1 | @a全球领军企业教你开创营销蓝海@Aquan qiu ling jun qi ye jiao ni kai chuang ying xiao lan hai |
| 606 | 0 | @a企业管理@Aqi ye guan li@x市场营销学 |
| 690 | @aF274@v4 | |
| 701 | 1 | @a甘布尔@Agan bu er@g(Gamble, Paul R.)@4著 |
| 701 | 1 | @a塔普@Ata pu@g(Tapp, Alan)@4著 |
| 701 | 1 | @a马塞拉@Ama sai la@g(Marsella, Anthony)@4著 |
| 702 | 0 | @a郭媛媛@Aguo yuan yuan@4译 |
| 801 | 0 | @aCN@bQSSK@c20080509 |
| 905 | @b706588-89@dF274@eG020@f2 | |
| IBM营销革命:全球领军企业教你开创营销蓝海/(英) 保罗·甘布尔, 艾伦·塔普, 安东尼·马塞拉等著/郭媛媛译.-北京:中国铁道出版社,2006.06 |
| 280页:图;24cm |
| ISBN 7-113-07176-7:CNY35.00 |
| 本书内容包括国际案例研究和营销实务建议;专为实现真正价值而量身打造的革命性新型业务工具;关于营销结构的重新设计、重新策划甚至全面重建的建议;提供指导方针,通过提高效率、效能、速度或质量改善营业收入。 |
| ● |
| 相关链接 |
|
|
|
正题名:IBM营销革命
索取号:F274/G020
 
预约/预借
| 序号 | 登录号 | 条形码 | 馆藏地/架位号 | 状态 | 备注 |
| 1 | 706588 | 207065888 | 社科库409/409社科库 93排2列4层/ [索取号:F274/G020] | 在馆 | |
| 2 | 706589 | 207065897 | 社科库409/409社科库 93排2列5层/ [索取号:F274/G020] | 在馆 |